Gminy w Powiatach na literę Ś - Statystyki

Ogólne statystyki
  • Ten quiz został rozwiązany 18 razy
  • Średni wynik to 12 z 50
Statystyki odpowiedzi
Powiaty Gminy % Poprawnych
śremski Śrem
94%
świebodziński Świebodzin
88%
średzki (wielkopolskie) Środa Wielkopolska
82%
świdnicki (dolnośląskie) Świdnica
82%
Świdnica
82%
świdnicki (lubelskie) Świdnik
82%
średzki (dolnośląskie) Środa Śląska
71%
świdwiński Świdwin
71%
Świdwin
71%
świecki Świecie
71%
Świebodzice
41%
Piaski
35%
Trawniki
29%
Dragacz
24%
Nowe
24%
Dobromierz
18%
Kostomłoty
18%
Marcinowice
18%
Skąpe
18%
Strzegom
18%
Dolsk
12%
Łagów
12%
Lubrza
12%
Osie
12%
Połczyn-Zdrój
12%
Pruszcz
12%
Szczaniec
12%
Warlubie
12%
Zaniemyśl
12%
Zbąszynek
12%
Brodnica
6%
Jaworzyna Śląska
6%
Krzykosy
6%
Książ Wielkopolski
6%
Lniano
6%
Malczyce
6%
Mełgiew
6%
Miękinia
6%
Rybczewice
6%
Sławoborze
6%
Udanin
6%
Żarów
6%
Brzeźno
0%
Bukowiec
0%
Dominowo
0%
Drzycim
0%
Jeżewo
0%
Nowe Miasto nad Wartą
0%
Rąbino
0%
Świekatowo
0%
Nie znaleziono quizów pasujących do podanych kryteriów
Rozkład punktacji
Procent ludzi z każdym wynikiem
Percentyl według liczby udzielonych odpowiedzi
Twoja historia wyników
Nie rozwiązałeś tego quizu